[Event "SRB Central-ch op-A 5th"]
[Site "Paracin"]
[Date "2012.07.10"]
[Round "6"]
[White "Atalik, Suat"]
[Black "Cvitan, Ognjen"]
[Result "1-0"]
[WhiteElo "2599"]
[BlackElo "2538"]
[Annotator "Atalik,S"]
[PlyCount "95"]
[EventDate "2012.07.06"]
[EventType "swiss"]
[EventRounds "9"]
[EventCountry "SRB"]
[SourceTitle "CBM 149 Extra"]
[Source "ChessBase"]
[SourceDate "2012.08.24"]
[SourceVersion "1"]
[SourceVersionDate "2012.08.24"]
[SourceQuality "1"]

1. d4 Nf6 2. c4 e6 3. Nc3 c5 {A change of mind by Ognjen. In recent years he
has less often played thes King's Indians and the Benoni and tried more a more
classical approach to the opening phase of the game. Albeit a change is very
difficult for a Yugoslav, so he felt like fianchettoing his bishop.} 4. d5 exd5
5. cxd5 d6 6. e4 g6 7. Nge2 $5 {This little move is very disturbing since by
omitting f3 in some lines White may gain time.} (7. f4 Bg7 8. Bb5+ Nfd7 {
I am still consistent in my belief that I will pull Taimanov's Line out one
day and beat somebody in such a way that nobody will touch the Modern Benoni
again.} 9. Bd3 Qh4+ $1 10. g3 Qe7 ({Another possible move is} 10... Qd8 11. Nf3
O-O 12. O-O) 11. Nf3 O-O 12. O-O Nb6 13. Kg2 (13. f5 $5) 13... Bg4 14. h3 Bxf3+
15. Qxf3 N8d7 16. Be3 c4 17. Bc2 Rac8 $132) (7. f3 Bg7 8. Be3 O-O 9. Nge2 a6
10. a4 Nbd7 11. Ng3 h5 12. Be2 Nh7 13. O-O h4 14. Nh1 f5 15. Qd2 Qf6 {By this
move order Black enjoys the advantage of not putting the knight on e5.} (15...
Ne5 $6 16. Nf2 Qf6 17. exf5 gxf5 18. Nh3 Ng6 19. f4 $36) 16. f4 fxe4 17. Nxe4
$5 Qe7 18. Nhf2 Ndf6 19. Bf3 Bf5 20. Nc3 $14) 7... Bg7 8. Ng3 O-O 9. Be2 Re8 {
This is a big decision since it is not clear where the rook stands better. On
the e-file it obviously has an impact on the game continuation since Black has
control over the e-file. However on f8 it may support the f5-f4 thrust.} (9...
a6 10. a4 Nbd7 11. O-O h5 12. Bg5 (12. f3 $5 Nh7 13. Be3 {transposes to f3
lines way too early.}) 12... Qc7 13. Qd2 Nh7 14. Bh4 $5 (14. Bh6 $14 {is not
bad either.})) (9... Na6 10. O-O Nc7 11. Bf4 $5 a6 12. a4 Rb8 13. Qd2 Re8 14.
f3 b5 15. axb5 Nxb5 16. Nxb5 axb5 17. Ra5 $36) 10. O-O a6 11. a4 Nbd7 {After
this White is at a crossroads.} 12. Be3 {The most stereotypical Sämisch move.}
(12. a5 $5) (12. Bf4 h5 $1 13. Bg5 {is after all the loss of a tempo.} Qc7 14.
Qd2 Nh7 15. Bh4 $13) (12. f3 Nh5 $1 13. Nxh5 gxh5 $13) 12... h5 13. f3 h4 $5 ({
I am more for} 13... Nh7 {since White's Knight may go for the h1-f2 manoeuvre
itself.} 14. Nh1 (14. Qd2 f5 15. Nh1 (15. Bh6 Bd4+ 16. Be3 f4) 15... fxe4 16.
Nxe4 Ndf6 17. Nhf2 Qe7 18. Ra3 $5 $13) 14... f5 15. Nf2 Ne5 (15... g5 16. f4
$13) 16. Qd2 $13) 14. Nh1 Nh7 15. Nf2 g5 $5 {This is a line which is always
shadowed} ({by} 15... f5 16. Qd2 Ne5 17. Kh1 (17. f4 Nf7 18. Bd3 $40) 17... Bd7
18. Rg1 $40) 16. Qd2 {There are conceivably two ways to handle this position.}
(16. g3 $5) 16... Ne5 17. a5 {I tried not to touch my kingside.} (17. g3 hxg3
18. hxg3 Qf6 19. Kg2 Qg6 20. a5 $40) (17. f4 $5 gxf4 18. Bxf4 Qf6 (18... Ng6
19. Be3) 19. Kh1 Qg6 20. Rg1 f5 21. g3 h3 22. g4 fxg4 (22... fxe4 23. Ncxe4)
23. Bxe5 Rxe5 24. Bxg4 $40) 17... Rb8 18. Na4 $5 {The idea is to lure Black
into pushing f5 and come back to the centre after that.} (18. Ra3 Bd7) (18. h3
$5 Ng6 19. Ng4 Bxg4 20. hxg4 Be5 $132) 18... f5 19. exf5 Bxf5 20. Ra3 (20. Nc3
b5 21. axb6 Qxb6 22. Ra2 $16) 20... Rc8 (20... Qe7 $5 {to prevent the
subsequent:} 21. Nc3 $140 $2 (21. Nb6 Nd7 22. Nxd7 Bxd7 23. b4 cxb4 24. Qxb4
Nf6 25. Bc4 $14) 21... Nxf3+ 22. Bxf3 Qxe3 23. Qxe3 Rxe3 $19) 21. Nc3 $1 {
As usual the knight belongs in the centre.} Rc7 (21... Ng6 $5 22. Nce4 $140 $6
(22. Re1 $1 Nf4 23. Bf1 Rc7 24. Nfe4 Rce7 25. Rb3 $16) 22... g4) 22. Nce4 Bxe4
$6 {I am really surprised by Ognjen's choice.} (22... Nf7 23. h3 $16) 23. fxe4
$1 {I like this one more than the other recapture by the piece because it
opens the lines.} (23. Nxe4 Nf7 $16 (23... g4 24. fxg4 Nxg4 25. Bxg4 Rxe4 26.
Be6+ Kh8 27. Bh6 $40 {and Black is in dire straits with his king wide open.}))
23... Rf8 {Draw offer. There is something interesting about it, but it looks
like Ognjen could not stop himself from offering it since he was sure that it
would be refused. Bad nerves!} 24. Raa1 $1 {After the developments White has
to go back.} Rcf7 25. Rac1 $1 {Preparing for h3 and b3 without being annoyed
by cheap tactics} ({like} 25. b3 $2 g4) 25... Qe7 {He decides to keep the
queenside closed.} (25... b5 26. axb6 (26. b4 c4 27. h3 $14) 26... Qxb6 27. Ra1
$1 a5 (27... Ra8 28. Ra5) 28. Rxa5 g4 29. Ra6 Qb8 30. Rfa1 $16 g3 $140 31. hxg3
hxg3 32. Nh1 $18) 26. h3 $1 {White slowly but surely increases his advantage.}
(26. Bh5 Rf6 $1 27. Bxg5 $140 $4 Rxf2 $19) 26... Rf6 27. b4 $1 {Time to get
into action.} ({It is foolish to take the pawn and to make him get rid of his
knight on the rim.} 27. Bxg5 $2 Nxg5 28. Qxg5 R8f7 $44) (27. b3 R8f7) 27...
cxb4 ({Black has some tactics at his disposal.} 27... c4 $5 28. Bxc4 g4 (28...
Nxc4 29. Rxc4 g4 30. hxg4 h3 31. Rfc1 (31. gxh3 $2 Rf3 $132) 31... hxg2 32. Rc7
Qe8 33. Rc8 $18 Qxc8 34. Rxc8 Rxc8 35. e5 $1 $18 {looks like breaking the
defensive lines.}) 29. Nxg4 Rxf1+ 30. Bxf1 Nxg4 31. hxg4 Nf6 32. Bg5 Qe5 (32...
Qxe4 33. Rc4 $18) 33. Bf4 Qe7 34. e5 $1 Nxg4 35. exd6 Qf6 36. Rc4 h3 37. Qe2 (
37. gxh3 $2 Ne5 $40) 37... h2+ 38. Kh1 Ne5 39. Re4 Ng6 40. g3 Nxf4 41. gxf4
Qxd6 42. Qg4 $16) 28. Qxb4 Qf7 29. Qb1 $1 Qg6 30. Ng4 $1 (30. Qxb7 g4 31. hxg4
Ng5 $132) 30... Rxf1+ 31. Rxf1 Rxf1+ 32. Kxf1 $16 {White is clearly better in
this position and in this ending in general.} Nxg4 $6 {A very risky decision.}
(32... Qf7+ 33. Nf2 (33. Kg1 Qc7 34. Bb6 Qc3 35. Ne3 Qd2 36. Qd1 $16) 33... Qc7
34. Qb4 Ng6 $16) 33. Bxg4 Qf6+ 34. Bf5 Qc3 35. Ke2 $1 {I prefer to keep the
bishop pair.} (35. Bxh7+ Kxh7 36. Bxg5 Qxa5 37. Bxh4 $16 (37. Qxb7 $2 Qa1+ 38.
Ke2 Qg1 $11)) 35... Nf8 (35... Qxa5 36. Qxb7) (35... Qc4+ 36. Qd3 Qa2+ 37. Bd2
Be5 38. Kf3 $16) 36. Bxg5 (36. Qd3 Qxa5 37. Bxg5) 36... Bd4 $2 {He had to keep
White busy with protecting his weaknesses.} (36... Qxa5 $1 37. Bxh4 $1 (37.
Qxb7 $6 Qa2+ 38. Kf3 Qa3+ 39. Kg4 Qg3+ 40. Kh5 Qxg2 $13) 37... Be5 38. Be1 Qa4
39. Qb4 Qc2+ 40. Bd2 Bf4 41. g4 $16) (36... Qg3 37. Be3 Qxg2+ 38. Kd3 Qf3 39.
Qg1 $16) 37. Bd2 {One of the ways to convert the advantage.} (37. Qd3 Qb2+ 38.
Qd2 Qb5+ 39. Kf3 Qf1+ 40. Kg4 $18) 37... Qg3 38. Qf1 Qb3 39. Qf3 Qb2 {Here
Black is lost but White has to come up with a coup de grâce.} (39... Qb5+ 40.
Qd3 Qb2 41. Kf3 $18) 40. Qg4+ {I was not able to contemplate a winning plan
and just had to move to be done with the first control.} (40. g4 $1 {was my
original idea and White should be winning after this without lifing a finger.}
hxg3 41. Qxg3+ Kf7 42. h4 $18) (40. Be6+ Nxe6 41. dxe6 Qb5+ 42. Kd1 Qe8 (42...
Qb1+ 43. Bc1 $18) 43. Qg4+ $18) 40... Kf7 41. Qh5+ (41. Be6+ $142 Nxe6 42. Qf5+
$18 {could have saved some moves and reached the text.}) 41... Kg7 42. Qh6+ $2
{Needless and bad.} (42. Qe8 $5 Bc3 43. Qe7+ Kg8 44. Be6+ Nxe6 45. Qxe6+ Kg7
46. Qe7+ Kg6 $8 47. Qxd6+ Bf6 48. Qe6 $18) (42. e5 $5 Bxe5 43. Qxh4 $18 {
wins by clearing the diagonal for Bf5.}) 42... Kg8 $2 ({Black may still be
lost but show tenacity after} 42... Kf7 43. Be6+ Nxe6 44. dxe6+ (44. Qxe6+ Kg7)
44... Ke7 45. Qxh4+ Kxe6 46. Qg4+ Ke7 47. Qg5+ (47. Qf3 b5 48. axb6 Bxb6 49.
Qc3 Qb5+ 50. Qd3 Qh5+ 51. g4 Qe5 $132) 47... Bf6 48. Qd5 Bc3 49. g4 Bxd2 50.
Qxd2 Qb5+ 51. Kf3 Qf1+ 52. Kg3 Qg1+ 53. Kh4 $18) 43. Qg5+ Kf7 44. Be6+ Nxe6 45.
Qf5+ Kg7 46. dxe6 $18 Be5 {Equivalent to resignation.} (46... Qb5+ 47. Qxb5
axb5 48. Bg5 $1 Bc3 (48... Bf6 49. e7 $1 $18) 49. Bxh4 Bxa5 50. Kd3 $18) (46...
Bc3 $2 {loses the bishop after a couple of checks in zigzag.} 47. Qf7+ Kh8 48.
Qe8+ Kg7 49. Qd7+ Kh8 50. Qc8+ $18) (46... Bf6 47. Qg4+ Kf8 48. Qg6 Qb5+ 49.
Kf2 Bd4+ 50. Be3 Bxe3+ 51. Kxe3 Qc5+ 52. Kf3 Qc3+ 53. Kg4 Qg3+ 54. Kh5 $18) 47.
Qf7+ Kh8 48. Qe8+ (48. Qe8+ Kg7 49. Qd7+ Kg8 (49... Kg6 50. Qf7#) 50. e7 $18)
1-0

[Event "Tan Chin Nam Cup 2nd"]
[Site "Beijing"]
[Date "1996.??.??"]
[Round "5"]
[White "Atalik, Suat"]
[Black "Gufeld, Eduard"]
[Result "0-1"]
[WhiteElo "2535"]
[BlackElo "2445"]
[Annotator "Atalik,S"]
[PlyCount "84"]
[EventDate "1996.08.??"]
[EventType "tourn"]
[EventRounds "9"]
[EventCountry "CHN"]
[EventCategory "10"]
[SourceTitle "CBM 055"]
[Source "ChessBase"]
[SourceDate "1996.12.01"]
[SourceVersion "1"]
[SourceVersionDate "1996.12.01"]
[SourceQuality "1"]

1. d4 Nf6 2. c4 c5 3. d5 d6 4. Nc3 g6 5. e4 Bg7 6. f3 O-O 7. Bg5 e6 8. Qd2 exd5
9. cxd5 Re8 10. Nge2 a6 11. Ng3 b5 12. Be2 Nbd7 13. O-O Rb8 $5 14. b3 (14. a4
$140 c4) (14. Bh6 Bh8 (14... Bxh6 15. Qxh6 c4 16. Nd1) 15. Nd1 $5) (14. Kh1)
14... Qa5 15. Rac1 c4 $1 16. Nb1 (16. bxc4 b4 17. Nd1 Nc5 $44) 16... Qxd2 17.
Nxd2 (17. Bxd2 cxb3 18. axb3 Nc5 19. b4 Nb3 20. Rc6 Nxd2 21. Nxd2 $13 h5 22.
Rxd6 h4 23. Nh1 Nh5 24. Rb1) 17... c3 18. Rxc3 Nxd5 19. Rxc8 Rbxc8 20. exd5 Rc2
21. Nde4 Rxa2 (21... Bd4+ 22. Kh1 Rxa2 23. Bd3 Re5 24. Nf6+ Nxf6 25. Bxf6 Rxd5
26. Be4) 22. Nxd6 Rexe2 23. Nxe2 Rxe2 24. Rd1 (24. Rc1 Bd4+ 25. Kf1 Rf2+ 26.
Ke1 Nc5 27. Rd1 Rxg2 28. Rxd4 Rxg5) 24... f5 25. Kf1 Ra2 26. Rc1 Ra1 27. Rxa1
Bxa1 28. Nb7 Bd4 29. Ke2 Nc5 30. Nxc5 $2 (30. Na5 $1 Bc3 31. Nc6 $1 Nxb3 32. d6
Nc5 33. Nb8 Ne6 34. d7 Ba5 35. Nc6 Nxg5 36. Nxa5 Ne6 37. Nc6 Kf7 38. Kd2) 30...
Bxc5 31. Bd2 Kf7 32. b4 Bd6 33. g3 $2 (33. h3 Kf6 34. Kd3 $1 Ke5 35. Ke3 Kxd5
36. Kd3 Bc7 37. Be1 Bb6 38. Bd2 Kc6 39. Be1 Kb7 40. Bd2 Bc7 41. Kd4 a5 42. bxa5
Ka6 43. g4 fxg4 44. fxg4 Bxa5 45. Bc1 Be1 $19) 33... Ke7 34. Kd3 Kd7 35. Kd4 h5
$1 $19 36. Be1 h4 37. Ke3 (37. gxh4 Bxh2 38. Kc5 Bg1+ $19) 37... h3 38. f4 Bf8
39. Kf3 Kd6 40. g4 Kxd5 41. gxf5 gxf5 42. Kg3 Kc4 0-1

[Event "Lee Cup 3rd"]
[Site "Beijing"]
[Date "1996.??.??"]
[Round "1"]
[White "Atalik, Suat"]
[Black "Wang, Pin"]
[Result "1-0"]
[WhiteElo "2525"]
[BlackElo "2345"]
[Annotator "Atalik,S"]
[PlyCount "81"]
[EventDate "1996.08.??"]
[EventType "swiss"]
[EventRounds "11"]
[EventCountry "CHN"]
[SourceTitle "CBM 054 Extra"]
[Source "ChessBase"]
[SourceDate "1996.11.01"]
[SourceVersion "1"]
[SourceVersionDate "1996.11.01"]
[SourceQuality "1"]

1. d4 Nf6 2. c4 g6 3. Nc3 Bg7 4. e4 d6 5. f3 O-O 6. Be3 c5 7. Nge2 Nc6 8. d5
Ne5 9. Ng3 e6 10. Be2 exd5 11. cxd5 a6 12. Qd2 Re8 (12... b5 13. Bh6 $13) 13.
a4 Rb8 14. O-O Bd7 15. h3 $5 b5 16. axb5 Bxb5 (16... axb5 17. f4 Nc4 18. Bxc4
bxc4 19. f5 $1 (19. e5 $6 dxe5 20. fxe5 Rxe5 21. Bf4 Ne8 $1 $13 22. Nge4 $140
Rxe4 23. Nxe4 Rxb2 $36)) 17. Nxb5 axb5 18. b4 c4 19. Bd4 (19. Ra5 c3 $1 20. Qc2
(20. Qxc3 Nxd5) 20... Nc4 21. Bxc4 bxc4 $132 22. Bd4 $140 Nxe4 23. Bxg7 Nxg3
$18) 19... h5 20. Nh1 Qc7 $6 (20... Ned7 21. Nf2 Nb6 22. Nd1) (20... h4 21. Ra3
(21. Nf2 $6 Nh5 (21... Rc8 $5) (21... Kh7 $5) 22. f4 (22. Ra5 Ng3 23. Re1 Qf6
$17) (22. Ra3 Ng3 23. Re1 Qf6) 22... Nd3 23. Bxg7 Nxf2 $1 24. Rxf2 (24. Bxh5
Nxe4 25. Qd4 gxh5 $17) 24... Nxg7 25. f5 Qf6 $1 $17) 21... Rc8 22. Rfa1) 21.
Ra7 Rb7 22. Ra6 Nfd7 23. Qc3 Bh6 (23... Nc5 24. bxc5 dxc5 25. Bxe5 (25. Bf2 Ng4
26. d6 Bxc3 27. dxc7 Nxf2 28. Nxf2 Rc8 29. f4 Rcxc7 30. e5) 25... Bxe5 26. Qc2
Bh2+ (26... Bd4+ 27. Nf2 Qg3 28. Bd1 Re5 $1 29. f4 Qxf4 30. Bf3) 27. Kf2 Be5
28. g3) 24. f4 Nb8 25. Rxd6 $2 (25. Ra8 Nd3 26. Bxd3 cxd3 27. Qxd3 Qc4 $132 28.
Qxc4 bxc4 29. e5) 25... Qxd6 $2 (25... Bxf4 26. Rf6 (26. Rxf4 Qxd6 27. Bc5 Qd8
28. Qg3 Na6 $1 $19) 26... Bh2+ $1 $19 27. Kf2 Ned7 $1) 26. fxe5 Qd8 27. Bxh5 $3
Qg5 $2 (27... gxh5 28. Ng3 Qg5 (28... Rb6 29. e6 $1 fxe6 30. Nxh5 e5 31. Qg3+
$18) (28... h4 29. Nf5 Bf8 30. Rf4) (28... Nd7 29. Nf5 Bf8 30. Qg3+ Kh7 31. Nd6
$18) 29. Nf5 Qd2 30. Nxh6+ Qxh6 31. Rf6 Qg5 32. Rf5 $44) 28. Bg4 Qd2 29. e6 $18
Qxc3 30. Bxc3 Bg7 31. exf7+ Rxf7 32. Be6 Rxe6 33. Rxf7 Bxc3 34. dxe6 Bxb4 35.
Nf2 (35. Rb7 $18) 35... Nc6 36. Rb7 Nd4 37. Ng4 Nxe6 38. Rxb5 Bc5+ 39. Kf1 c3
40. Rb1 Nf4 41. Nf6+ $1 (41. Nf6+ $1 Kf7 42. Nd5 Nxd5 43. exd5 Be3 44. Rb7+ Kf6
45. Rc7 $18) 1-0

[Event "Corus-B"]
[Site "Wijk aan Zee"]
[Date "2000.01.30"]
[Round "11"]
[White "Delemarre, Jop"]
[Black "Avrukh, Boris"]
[Result "0-1"]
[WhiteElo "2354"]
[BlackElo "2620"]
[Annotator "Avrukh,B"]
[PlyCount "71"]
[EventDate "2000.01.18"]
[EventType "tourn"]
[EventRounds "11"]
[EventCountry "NED"]
[EventCategory "11"]
[SourceTitle "CBM 075"]
[Source "ChessBase"]
[SourceDate "2000.04.05"]
[SourceVersion "1"]
[SourceVersionDate "2000.04.05"]
[SourceQuality "1"]

1. d4 g6 2. c4 Nf6 3. Nc3 Bg7 4. e4 d6 5. h3 O-O 6. Bg5 c5 7. d5 e6 8. Bd3 exd5
9. cxd5 Re8 10. Nf3 c4 11. Bc2 b5 12. a3 Na6 {Only three rounds before i
played this variation with white against Reinderman .The positions which arise
in this line are very complicated and this was the main reason why i decided
to play this line in last round.In fact i think this pawn sructure promise a
better play for white,because d4-square is very important positional plus for
white.} (12... a6 13. O-O Nbd7 14. Qd2 Nc5 15. Rfe1 Bb7 (15... Qc7) 16. Qf4 Nh5
17. Qh4 Bf6 18. Bxf6 Qxf6 19. Qxf6 Nxf6 20. Nd4 Re7 21. Re3 $14 {1-0 Avrukh,
B-Reinderman,D/Wijk aan Zee NED 2000/The Week in Chess 272 (43)}) 13. O-O (13.
Nd4 $2 Nxe4 $1 $17 14. Nxe4 Qxg5) 13... Nc5 14. Re1 (14. Qd2 $1 a6 (14... h6
15. Bxh6 Nfxe4 16. Nxe4 Nxe4 17. Bxe4 Rxe4 18. Bxg7 Kxg7 19. Rae1 Rxe1 20. Rxe1
Qf6 21. Re4 $36 {[%cal Ge4f4]}) (14... Nfxe4 15. Nxe4 Nxe4 16. Bxe4 f6 17. Bxg6
hxg6 18. Bh6 $36) (14... a5 15. Qf4)) 14... h6 (14... Qb6 15. Qd2 a5 16. e5 $1
dxe5 17. Nxe5 Bf5 $6 (17... Bb7 18. Rad1 $14) 18. Bxf5 $1 Nb3 19. Qf4 Nxa1 20.
Be6 $1 fxe6 21. Bxf6 $40 {1-0 Rogozenko,D-Marin,M/Bucharest 1993/CBM 34/[Knaak]
(39)}) 15. Bf4 (15. Bxf6 {gives black a good compensation in both cases} Qxf6 (
15... Bxf6 16. Qd2 {[%csl Gh6]} (16. Nxb5 Bxb2 17. Rb1 Bg7 $15) 16... Bg7 17.
Nxb5 Qb6 18. Nbd4 Bd7 19. Rab1 Re7 $44) 16. Nxb5 Rb8 17. Nxa7 Rxb2 18. Nxc8
Rxc8 $44) 15... Bb7 16. Qd2 $6 (16. Rc1 $143 {was neseccary profilactic
against black idea} a5 $140 $2 17. Nxb5 Nfxe4 18. Bxe4 Nxe4 19. Rxc4) 16... g5
$1 17. Bxd6 $2 $146 (17. Bh2 a5 18. Nxb5 Ncxe4 19. Bxe4 Nxe4 20. Rxe4 Rxe4 21.
Nxd6 Re7 22. Nd4 Bxd5 23. N4f5 Be6 24. Nxg7 $2 (24. Nxe7+ Qxe7 $15 {[%csl Ge6,
Gg7]}) 24... Kxg7 25. Rd1 Rd7 26. Qd4+ Kg8 27. Bg3 Ra6 28. Rd2 Bf5 29. Qc5 Bd3
$19 {0-1 Kosic,D-Kovacevic,A/Vrnjacka Banja YUG 1999 (37)}) (17. Bg3 $142 a5
18. e5 dxe5 19. Nxe5 b4 20. axb4 axb4 21. Na4 $1 (21. Rxa8 Bxa8 22. Na4 Nd3 23.
Nxd3 Qxd5 24. Rxe8+ Nxe8 25. f3 b3 $36) 21... Nd3 $1 (21... Nb3 $2 22. Bxb3
cxb3 {[%csl Gd5]} 23. d6 Ne4 24. Qxb4 Nxg3 25. Qxb7 Rxe5 26. Rxe5 Bxe5 27. fxg3
Bxb2 28. Rf1 $40) 22. Bxd3 cxd3 (22... Qxd5 $2 23. f3 cxd3 24. Nb6 $16) 23.
Qxd3 (23. Nc5 Rxa1 24. Rxa1 Qxd5 25. Nxb7 Qxb7 26. Nxd3 Qd5 $15) 23... Qxd5 24.
Qxd5 Nxd5 25. Nc5 Rxa1 26. Rxa1 Bxe5 27. Bxe5 Rxe5 28. Nxb7 $11) 17... Nfxe4 $1
{[%mdl 64] This nice tactical blow gives black clear advantage} (17... Qxd6
$143 18. e5 Qd7 (18... Qb6 19. exf6 Bxf6 (19... Qxf6 20. Nxb5) 20. h4 $36 {
[%csl Gg8]}) 19. exf6 Bxf6 20. h4 (20. Nd4 $5) 20... Bxc3 21. Qxc3 Qxd5 22.
hxg5 hxg5 23. Rad1 Qc6 24. Re5 $1 $36 {[%csl Gg8]}) 18. Rxe4 Nxe4 19. Nxe4 Rxe4
(19... f5 $2 20. Nc5 Qxd6 21. Nxb7 Qc7 22. Bxf5 Qxb7 23. Be6+ $44) 20. Bxe4
Qxd6 21. Rd1 (21. Re1 Qc5 $1 {[%csl Gd4]} (21... Rd8 22. Nd4 Qf4 23. Qxf4 gxf4
24. Nxb5 Bxb2 25. Rb1 c3 $2 (25... Be5 $11) 26. Nxc3 $1) (21... Re8 22. Bh7+
Kf8 23. Rxe8+ Kxe8 24. Qe3+ $132 {[%csl Ga7]}) 22. d6 $140 Bxe4 23. Rxe4 Rd8
24. d7 Qc6 25. Re7 Bf6 26. Ne5 Bxe5 27. Rxe5 Rxd7 $17) 21... Re8 22. Bb1 Rd8 (
22... Qf6 $5) 23. Be4 Bf6 24. Qa5 (24. h4 Qf4 25. Qxf4 gxf4 26. Rd2 Kf8 $15)
24... a6 25. Nd4 Qf4 $1 (25... Qe5 26. f3 {[%cal Gd4f5]} (26. Bf3 Rxd5 27. Bxd5
Qxd5 $19 {[%csl Gg2]})) 26. Bf3 (26. f3 Rxd5 $1 27. Bxd5 Bxd4+ 28. Kf1 (28. Kh1
Be5 $1) 28... Bxd5 29. Qd8+ Kg7 30. Qxd5 Bxb2 $17) 26... Rd7 27. Qb6 (27. Ne2
Qe5) 27... Be5 (27... Bxd5 $6 28. Ne2 Bxf3 29. Nxf4 Rxd1+ 30. Kh2 Be5 31. gxf3
Bxf4+ 32. Kg2 $11) 28. Nc6 Bxc6 $1 {[%mdl 32] Very strong positional decision.
Black transformates to position with bishops of different colours,but the
b2-pawn is unprotectable,which allows to black to create advanced pawn in
queenside.} (28... Bxb2 29. Bg4 Bxc6 (29... Qc7 30. Qxc7 Rxc7 31. Na5 $1 Bxd5
32. Rxd5 Bc3 33. Nxc4 Rxc4 34. Rd8+ Kg7 35. Rc8) 30. Bxd7 Bxd7 31. Qd8+ Kg7 32.
Qxd7 Bd4 33. Rf1 c3 34. Qc6 $13) 29. Qxc6 (29. dxc6 $2 Qh2+ 30. Kf1 Qh1+ 31.
Ke2 Qxd1+) 29... Rd6 $19 {[%csl Gb2]} (29... Qh2+ 30. Kf1 Re7 31. Qc8+ Kg7 32.
g3 {[%csl Gd5]}) 30. Qc8+ Kg7 31. Re1 Bxb2 32. Re8 Be5 33. Bd1 Rxd5 34. Rg8+
Kf6 35. Rd8 Qh2+ 36. Kf1 (36. Kf1 Qh1+ 37. Ke2 Qxd1+) 0-1